<?xml version="1.0" encoding="UTF-8"?>
<record
    xmlns:xsi="http://www.w3.org/2001/XMLSchema-instance"
    xsi:schemaLocation="http://www.loc.gov/MARC21/slim http://www.loc.gov/standards/marcxml/schema/MARC21slim.xsd"
    xmlns="http://www.loc.gov/MARC21/slim">

  <leader>01062nam a22002057a 4500</leader>
  <datafield tag="952" ind1=" " ind2=" ">
    <subfield code="0">0</subfield>
    <subfield code="1">0</subfield>
    <subfield code="2">ddc</subfield>
    <subfield code="4">0</subfield>
    <subfield code="7">1</subfield>
    <subfield code="8">NFIC</subfield>
    <subfield code="a">ASL</subfield>
    <subfield code="b">ASL</subfield>
    <subfield code="c">REF</subfield>
    <subfield code="d">2021-11-01</subfield>
    <subfield code="e">ASB Collection</subfield>
    <subfield code="l">0</subfield>
    <subfield code="o">910.35492 BAN</subfield>
    <subfield code="p">113430</subfield>
    <subfield code="r">2021-11-01 00:00:00</subfield>
    <subfield code="t">C-1</subfield>
    <subfield code="w">2021-11-01</subfield>
    <subfield code="y">BK</subfield>
    <subfield code="z">RARE</subfield>
  </datafield>
  <datafield tag="952" ind1=" " ind2=" ">
    <subfield code="0">0</subfield>
    <subfield code="1">0</subfield>
    <subfield code="2">ddc</subfield>
    <subfield code="4">0</subfield>
    <subfield code="7">1</subfield>
    <subfield code="8">NFIC</subfield>
    <subfield code="a">ASL</subfield>
    <subfield code="b">ASL</subfield>
    <subfield code="c">REF</subfield>
    <subfield code="d">2021-11-07</subfield>
    <subfield code="e">ASB Library Collection</subfield>
    <subfield code="l">0</subfield>
    <subfield code="o">910.35492 BAN</subfield>
    <subfield code="p">113828</subfield>
    <subfield code="r">2021-11-07 00:00:00</subfield>
    <subfield code="t">C-2</subfield>
    <subfield code="w">2021-11-07</subfield>
    <subfield code="y">BK</subfield>
    <subfield code="z">RARE</subfield>
  </datafield>
  <datafield tag="999" ind1=" " ind2=" ">
    <subfield code="c">27332</subfield>
    <subfield code="d">27332</subfield>
  </datafield>
  <controlfield tag="003">BDDh-ASL</controlfield>
  <controlfield tag="005">20231015030744.0</controlfield>
  <controlfield tag="008">211101s1991    b  ||||| |||| 00| 0 b   d</controlfield>
  <datafield tag="040" ind1=" " ind2=" ">
    <subfield code="c">BDDh-ASL</subfield>
  </datafield>
  <datafield tag="082" ind1=" " ind2=" ">
    <subfield code="a">910.35492</subfield>
    <subfield code="b">BAN</subfield>
  </datafield>
  <datafield tag="245" ind1="0" ind2="0">
    <subfield code="a">&#x9AC;&#x9BE;&#x982;&#x9B2;&#x9BE;&#x9A6;&#x9C7;&#x9B6; &#x99C;&#x9C7;&#x9B2;&#x9BE; &#x997;&#x9C7;&#x99C;&#x9C7;&#x99F;&#x9C0;&#x9AF;&#x9BC;&#x9BE;&#x9B0;: &#x9AC;&#x9C3;&#x9B9;&#x9A4;&#x9CD;&#x9A4;&#x9B0; &#x9A6;&#x9BF;&#x9A8;&#x9BE;&#x99C;&#x9AA;&#x9C1;&#x9B0; /</subfield>
  </datafield>
  <datafield tag="246" ind1=" " ind2=" ">
    <subfield code="a">Bangladesh District Gazetteer: Brihottor Dinajpur</subfield>
  </datafield>
  <datafield tag="260" ind1=" " ind2=" ">
    <subfield code="a">&#x9A2;&#x9BE;&#x995;&#x9BE;: </subfield>
    <subfield code="b">&#x9B8;&#x982;&#x9B8;&#x9CD;&#x9A5;&#x9BE;&#x9AA;&#x9A8; &#x9AE;&#x9A8;&#x9CD;&#x9A4;&#x9CD;&#x9B0;&#x9A3;&#x9BE;&#x9B2;&#x9AF;&#x9BC;, &#x997;&#x9A3;&#x9AA;&#x9CD;&#x9B0;&#x99C;&#x9BE;&#x9A4;&#x9A8;&#x9CD;&#x9A4;&#x9CD;&#x9B0;&#x9C0; &#x9AC;&#x9BE;&#x982;&#x9B2;&#x9BE;&#x9A6;&#x9C7;&#x9B6; &#x9B8;&#x9B0;&#x995;&#x9BE;&#x9B0;, </subfield>
    <subfield code="c">&#x9E7;&#x9EF;&#x9EF;&#x9E7;&#x964; </subfield>
  </datafield>
  <datafield tag="300" ind1=" " ind2=" ">
    <subfield code="a">&#x9EB;&#x9E8;&#x9EC; &#x9AA;&#x9C3;&#x9B7;&#x9CD;&#x9A0;&#x9BE;, : </subfield>
    <subfield code="b">&#x99B;&#x9AC;&#x9BF; &#x993; &#x9AE;&#x9CD;&#x9AF;&#x9BE;&#x9AA;;</subfield>
    <subfield code="c">&#x9E8;&#x9EA; &#x9B8;&#x9C7;. &#x9AE;&#x9BF;. </subfield>
  </datafield>
  <datafield tag="504" ind1=" " ind2=" ">
    <subfield code="a">&#x997;&#x9CD;&#x9B0;&#x9A8;&#x9CD;&#x9A5;&#x9AA;&#x99E;&#x9CD;&#x99C;&#x9BF; &#x993; &#x9A8;&#x9BF;&#x998;&#x9A8;&#x9CD;&#x99F; &#x9B8;&#x982;&#x9AF;&#x9C1;&#x995;&#x9CD;&#x9A4; &#x964; </subfield>
  </datafield>
  <datafield tag="650" ind1=" " ind2="0">
    <subfield code="9">5558</subfield>
    <subfield code="a">District Gazetteer (&#x99C;&#x9C7;&#x9B2;&#x9BE; &#x997;&#x9C7;&#x99C;&#x9C7;&#x99F;&#x9C0;&#x9AF;&#x9BC;&#x9BE;&#x9B0;)</subfield>
  </datafield>
  <datafield tag="651" ind1=" " ind2="0">
    <subfield code="9">5563</subfield>
    <subfield code="a">&#x9AC;&#x9C3;&#x9B9;&#x9A4;&#x9CD;&#x9A4;&#x9B0; &#x9A6;&#x9BF;&#x9A8;&#x9BE;&#x99C;&#x9AA;&#x9C1;&#x9B0;</subfield>
  </datafield>
  <datafield tag="700" ind1="1" ind2=" ">
    <subfield code="9">5561</subfield>
    <subfield code="a">&#x996;&#x9BE;&#x9A8;, &#x9A8;&#x9C1;&#x9B0;&#x9C1;&#x9B2; &#x987;&#x9B8;&#x9B2;&#x9BE;&#x9AE;</subfield>
  </datafield>
  <datafield tag="942" ind1=" " ind2=" ">
    <subfield code="2">ddc</subfield>
    <subfield code="c">BK</subfield>
  </datafield>
</record>
